Birbhum, malaria and Harry Timbres : (Record no. 1351069)

MARC details
000 -LEADER
fixed length control field 00896nam a2200265 4500
001 - CONTROL NUMBER
control field vtls001923804
003 - CONTROL NUMBER IDENTIFIER
control field NLI
005 - DATE AND TIME OF LATEST TRANSACTION
control field 20240831132543.0
008 - FIXED-LENGTH DATA ELEMENTS--GENERAL INFORMATION
fixed length control field 161116t2015 ii d e 001 eng
020 ## - INTERNATIONAL STANDARD BOOK NUMBER
International Standard Book Number 9789381245576
Terms of availability Rs.300.00
Qualifying information hbk
039 #9 - LEVEL OF BIBLIOGRAPHIC CONTROL AND CODING DETAIL [OBSOLETE]
Level of rules in bibliographic description 201611161315
Level of effort used to assign nonsubject heading access points umakar
040 ## - CATALOGING SOURCE
Original cataloging agency NLI
Language of cataloging eng
Transcribing agency EPD
082 ## - DEWEY DECIMAL CLASSIFICATION NUMBER
Edition number 23rd ed.
Classification number 362.1095414
Item number Se 55
100 1# - MAIN ENTRY--PERSONAL NAME
Personal name Sen, Suchibrata
9 (RLIN) 1206617
245 10 - TITLE STATEMENT
Title Birbhum, malaria and Harry Timbres :
Remainder of title a social history of health and medicine: in a colonial Bengal district /
Statement of responsibility, etc. Suchibrata Sen
260 ## - PUBLICATION, DISTRIBUTION, ETC.
Place of publication, distribution, etc. Kolkata :
Name of publisher, distributor, etc. Ashadeep,
Date of publication, distribution, etc. c2015.
300 ## - PHYSICAL DESCRIPTION
Extent 232 p.:
Other physical details charts;
Dimensions 22 cm.
500 ## - GENERAL NOTE
General note Includes index.
600 10 - SUBJECT ADDED ENTRY--PERSONAL NAME
Personal name Timbres, Harry,
Dates associated with a name 1899-1937
9 (RLIN) 1560035
650 ## - SUBJECT ADDED ENTRY--TOPICAL TERM
Topical term or geographic name entry element Malaria
General subdivision History
Chronological subdivision 19th century
Geographic subdivision India
-- Birbhum (District)
9 (RLIN) 1560036
887 ## - NON-MARC INFORMATION FIELD
Content of non-MARC field Sahira Andaleeb Khan (Int.)
887 ## - NON-MARC INFORMATION FIELD
Content of non-MARC field patil240831
903 ## - LOCAL DATA ELEMENT C, LDC (RLIN)
a Uma
942 ## - ADDED ENTRY ELEMENTS (KOHA)
Source of classification or shelving scheme Dewey Decimal Classification
Koha item type Books
Holdings
Withdrawn status Lost status Source of classification or shelving scheme Materials specified (bound volume or other part) Damaged status Not for loan Collection code Home library Current library Shelving location Date acquired Cost, normal purchase price Full call number Barcode Date last seen Price effective from Koha item type
    Dewey Decimal Classification hbk     New English National Library of India National Library of India New English - Main Stack Division 17/11/2016 300.00 E 362.1095414 Se 55 DBA000163197ENG 29/06/2021 29/06/2021 Books
                                                                           
web counter

Copyright ©2020 The National Library of India, Govt. of India ↔ Hosted by NVLI, MOC ↔ Technology and Design by National Library of India, Ministry of Culture, Govt. of India